000 00528nam a2200181Ia 4500
001 13218
005 20260306163037.0
008 260306t2017||||xx |||||||||||||| ||spa||
041 _aESP
082 _a001.42
_bC28A
100 _aCarrasco Díaz, Sergio,
_eAUT
245 0 _aMetodología de la investigación científica :
_bpautas metodológicas para diseñar y elaborar el proyecto de investigación
260 _c2017
300 _a476 páginas :
_c21 cm.
650 _aGEN
654 _aCHU
942 _cLIB
_dJUS
_fJUS
_2ddc
_n
999 _c13218
_d13218